000
00244nam a22000977a 4500
999
_c
11444
_d
11444
008
190524b ||||| |||| 00| 0 eng d
020
_a
9789380058290
100
_a
Mind Fuels
_9
7167
245
_a
Krast in Einigkeit
260
_a
New Delhi
_b
Mind Fuels